000 00704nam a22002297a 4500
003 OSt
005 20150414162055.0
008 150409b xxu||||| |||| 00| 0 eng d
020 _a0443063818
040 _cDNLM
082 _aWO 275 T314a 2001
245 _aTextbook of Anaesthesia /
_cEdited by R. Aitkenhead, Graham Smith, David RowBotham
250 _a4th ed.
260 _aLondon:
_bChurchill Livingstone Elsevier;
_c2001.
300 _axiv,806 p :
_bill ;
_c25 cm
504 _aIncludes references and index
650 _aAnaesthesia
_9333
700 _4Editor
_aAitkenhead Alan R
_93671
700 _4Editor
_aSmith Graham
_93672
700 _4Editor
_aRowbotham David J
_93673
942 _2z
_cSLOAN
999 _c1450
_d1450